Lengua y sociedad en el palenque de San Basilio / (Registro nro. 5195)

Detalles MARC
000 -LEADER
fixed length control field 00968nam a2200241Ia 4500
003 - CONTROL NUMBER IDENTIFIER
control field OSt
005 - DATE AND TIME OF LATEST TRANSACTION
control field 20200505104649.0
008 - FIXED-LENGTH DATA ELEMENTS--GENERAL INFORMATION
fixed length control field 191128s1983 ck gr 000 0 spa d
040 ## - CATALOGING SOURCE
Original cataloging agency CO-JMCR
Transcribing agency CO-JMCR
041 0# - LANGUAGE CODE
Language code of text/sound track or separate title spa
082 04 - DEWEY DECIMAL CLASSIFICATION NUMBER
Classification number 305.898 /
Item number F732i
100 1# - MAIN ENTRY--PERSONAL NAME
Personal name Friedemann, Nina S. de,
Relator term autor
9 (RLIN) 3904
245 10 - TITLE STATEMENT
Title Lengua y sociedad en el palenque de San Basilio /
Statement of responsibility, etc. Nina S. de Friedemann, Carlos Patiño Rosselli
260 ## - PUBLICATION, DISTRIBUTION, ETC.
Place of publication, distribution, etc. Bogotá :
Name of publisher, distributor, etc. Instituto Caro y Cuervo,
Date of publication, distribution, etc. 1983
300 ## - PHYSICAL DESCRIPTION
Extent 300 páginas ;
Dimensions 23 cm.
505 ## - FORMATTED CONTENTS NOTE
Formatted contents note Palenque de San Basilio -- El habla en el palenque de San Basilio -- Textos -- Corpus
650 14 - SUBJECT ADDED ENTRY--TOPICAL TERM
Topical term or geographic name entry element Negros Palenque de San Basilio
Geographic subdivision Cartagena, Colombia
9 (RLIN) 3905
650 24 - SUBJECT ADDED ENTRY--TOPICAL TERM
Topical term or geographic name entry element Palenque de San Basilio
Geographic subdivision Bolívar, Colombia
9 (RLIN) 3906
650 24 - SUBJECT ADDED ENTRY--TOPICAL TERM
Topical term or geographic name entry element Vida social y costumbres
Geographic subdivision Bolívar, Colombia
9 (RLIN) 3907
650 24 - SUBJECT ADDED ENTRY--TOPICAL TERM
Topical term or geographic name entry element Palenque de San Basilio
Geographic subdivision Bolívar, Colombia
9 (RLIN) 3908
700 1# - ADDED ENTRY--PERSONAL NAME
Personal name Patiño Rosselli, Carlos,
Relator term autor
9 (RLIN) 3909
942 ## - ADDED ENTRY ELEMENTS (KOHA)
Source of classification or shelving scheme Dewey Decimal Classification
Koha item type Books
Existencias
Withdrawn status Lost status Source of classification or shelving scheme Materials specified (bound volume or other part) Damaged status Not for loan Home library Current library Shelving location Date acquired Source of acquisition Cost, normal purchase price Total Checkouts Full call number Barcode Date last seen Copy number Price effective from Koha item type
    Dewey Decimal Classification Donación--15/04/2018--     Biblioteca Pública José María del Castillo y Rada Biblioteca Pública José María del Castillo y Rada General Stacks 11/28/2019 Donación 0.00   305.898 / F732i 430001446 05/16/2024 Ej.1 11/28/2019 Books